| 000 | 00333nam a22001337a 4500 | ||
|---|---|---|---|
| 008 | 170511b xxu||||| |||| 00| 0 eng d | ||
| 020 | _a9781422470367 | ||
| 041 | _aeng | ||
| 080 |
_23 ED _a343.9 |
||
| 100 | _a15 | ||
| 101 | _aSHJ | ||
| 245 |
_aCRIMINAL PROCEDURE CASES MATERIALS AND QUESTIONS _cLOEWY.A.H |
||
| 942 |
_2udc _cBK |
||
| 999 |
_c13097 _d13097 |
||